Metódy na zefektívňovanie toku dát v decentralizovaných sieťach

Saved in:
Bibliographic Details
Main Author: Jágerský, Tomáš (Author)
Other Authors: Novocký, Adam (Thesis advisor)
Format: Manuscript Book
Language:Slovak
Published: 2025
Subjects:
Online Access:http://is.stuba.sk/zp/portal_zp.pl?podrobnosti=169957
Tags: Add Tag
No Tags, Be the first to tag this record!

MARC

LEADER 00000ntm a22000003a 4500
001 stuzp102900
003 SK-STU
005 20250614211740.6
007 ta
008 150427s2015----xo-----f-mn---000-0-slo-d
040 |a STU  |b slo 
041 0 |a slo 
100 1 |a Jágerský, Tomáš  |u 070400  |4 aut  |U FIIT Fakulta informatiky a informačných technológií  |T FIIT Ústav počítačového inžinierstva a aplikovanej informatiky  |X 116739  |U I400  |Y 672  |7 116739 
242 0 1 |a Methods for Enhancing data flows in Decentralized Storage Systems  |y eng 
245 1 0 |a Metódy na zefektívňovanie toku dát v decentralizovaných sieťach 
260 |c 2025 
650 4 |a IPFS  |2 eng 
650 4 |a Decentralized storage  |2 eng 
650 4 |a Blockchain  |2 eng 
650 4 |a IPFS  |2 slo 
650 4 |a Decentralizované úložisko  |2 slo 
650 4 |a Blockchain  |2 slo 
700 1 |a Novocký, Adam  |u 070400  |k Z3  |4 ths  |U FIIT Fakulta informatiky a informačných technológií  |T FIIT Ústav počítačového inžinierstva a aplikovanej informatiky  |X 96993  |U I400  |Y 672  |7 96993 
856 4 |u http://is.stuba.sk/zp/portal_zp.pl?podrobnosti=169957